MARC

LEADER 00000nam0a2200000 4500
001 73559
005 20231031084447.0
035 |a (RuTPU)RU\TPU\book\78490 
090 |a 73559 
100 |a 20050218d1985 k y0rusy50 ca 
101 0 |a rus 
102 |a RU 
105 |a a z 001zy 
200 1 |a Бесконтактные расходомеры  |f Г. Н. Бобровников, Б. М. Новожилов, В. Г. Сарафанов 
210 |a Москва  |c Машиностроение  |d 1985 
215 |a 127 с.  |c ил. 
225 1 |a Библиотека приборостроителя 
320 |a Список литературы: с. 124-126 
610 1 |a бесконтактные расходомеры 
610 1 |a расходомеры 
610 1 |a расчет 
610 1 |a проектирование 
610 1 |a работа 
610 1 |a физические поля 
675 |a 681.12  |v 3 
700 1 |a Бобровников  |b Г. Н.  |g Геннадий Николаевич 
701 1 |a Новожилов  |b Б. М.  |g Борис Михайлович 
701 1 |a Сарафанов  |b В. Г.  |g Владислав Григорьевич 
801 1 |a RU  |b 63413507  |c 20050218  |g PSBO 
801 2 |a RU  |b 63413507  |c 20201029  |g PSBO 
942 |c BK